000 00724nam a2200253Ia 4500
003 OSt
005 20221006141342.0
006 a|||||r|||| 00| 0
007 ta
008 221006b |||||||| |||| 00| 0 eng d
020 _a081337314X
_c
_45.50(each)
024 _a1,923
037 _cTextual
040 _aEASL
_cEASL
_beng
041 _2eng
_aeng
082 _aV42:194.N7, M7-;1
100 _aELLISON Herbert J Ed.
_9645416
245 0 _aJapan and the pacific quadrille
_b A major powers in East Asia
260 _aBoulder
_bWestview Press
_c1987
300 _a252+262p.
_ccm.
490 _v JEL
942 _hV42:194.N7, M7-;1
_cTEXL
_2CC
999 _c1070009
_d1070009